[Event "Bicaz City Cup 2020"]
[Site "Bicaz"]
[Date "2020.03.07"]
[Round "5.7"]
[White "Vilcu, Matei-Stefan"]
[Black "Saioc, David"]
[Result "1-0"]
[WhiteElo "2037"]
[BlackElo "1837"]
[Annotator "TA"]
[PlyCount "77"]
[EventDate "2020.03.05"]
[EventType "swiss"]
[EventCountry "ROU"]
[SourceTitle "playchess.com"]
[Source "ChessBase"]
[SourceQuality "1"]

{[%evp 17,77,0,0,0,0,0,7,0,7,-8,-10,-21,-18,-25,0,-11,-9,-10,32,7,22,12,147,16,88,83,360,351,335,348,348,157,381,371,369,262,263,271,236,266,263,260,251,248,234,176,264,284,261,129,352,339,316,264,525,517,666,665,618,627,600,556]} 1. Nf3 Nf6 2. g3 g6 3. Bg2 Bg7 4. O-O O-O 5. d3 d5 6. Nbd2 c5 7. e4 dxe4 8. dxe4 Nc6 9. Re1 e5 10. c3 {A08: King's Indian Attack.} Qc7 11. Qc2 h6 12. Nf1 {The position is equal.} Be6 13. Be3 b6 {[#]} 14. h3 $146 ({Predecessor:} 14. N3d2 Ng4 15. Rad1 Rac8 16. h3 Nxe3 17. Nxe3 Ne7 18. Ndc4 Rfd8 19. Nd5 Bxd5 20. exd5 {1-0 (29) Franz,K (2191)-Blanco Cardenas,E (1863) Kiel 2014}) 14... Rfd8 15. Rad1 Rac8 16. Bc1 Na5 17. b3 Nb7 18. Ne3 Na5 19. Nh4 Qb7 (19... c4 $11) 20. Kh2 ({Better is} 20. f4 $1 $16) 20... b5 {[#]} (20... Qc7 $11 {remains equal.}) 21. Nd5 $1 {[%mdl 512]} Nxd5 $4 {[%mdl 8192]} (21... b4 $16) (21... Bxd5 22. exd5) 22. exd5 $18 Bxd5 23. Rxd5 Rxd5 24. Rd1 (24. c4 $18 {has better winning chances.} bxc4 25. bxc4 {[%mdl 64] Pin}) 24... Rcd8 $2 (24... Rxd1 $16 {was necessary.} 25. Bxb7 Rxc1 26. Qxc1 Nxb7) 25. Rxd5 Rxd5 26. c4 bxc4 27. bxc4 Nxc4 28. Qxc4 {[%mdl 64] Pin} Rd4 {[#]} 29. Qxd4 $1 {Intending Qd8+ and mate.} ({Weaker is} 29. Bxb7 Rxc4 30. Be3 Rc2 $11) ({Resist} 29. Qxc5 $6 e4 $16) 29... Qxg2+ 30. Kxg2 {White wants to mate with Qd5!} exd4 31. Kf1 d3 {[#]} (31... c4 {might work better.} 32. Ke2 Kf8) 32. Ke1 $1 c4 33. Ng2 (33. Kd2 $18) 33... Bf8 $2 {Loses the game.} (33... c3 $16) 34. Bd2 Bg7 {intending ...c3.} 35. Bb4 a5 $2 (35... Bd4 36. f3 c3) 36. Bxa5 {White is clearly winning.} c3 {Hoping for ...c2.} 37. Nf4 d2+ 38. Kd1 Bd4 39. Nd3 {Accuracy: White = 66%, Black = 35%.} 1-0

[Event "Bicaz City Cup 2020"]
[Site "Bicaz"]
[Date "2020.03.07"]
[Round "5.8"]
[White "Dobre, Claudiu-Cristian"]
[Black "Tablan, Andrei-Damian"]
[Result "1-0"]
[WhiteElo "2312"]
[BlackElo "1808"]
[Annotator "TA"]
[PlyCount "61"]
[EventDate "2020.03.05"]
[EventType "swiss"]
[EventCountry "ROU"]
[SourceTitle "playchess.com"]
[Source "ChessBase"]
[SourceQuality "1"]

{[%evp 9,61,101,97,95,100,56,66,53,79,72,109,84,112,100,110,100,110,106,106,106,156,158,317,318,309,278,278,250,338,339,355,343,389,391,380,381,361,375,535,422,434,356,356,277,271,215,6091,5606,5070,908,862,354,857,318]} 1. c4 d5 2. cxd5 Nf6 3. e4 e6 4. dxe6 Bxe6 5. Nf3 Nc6 6. Nc3 {A10: English Opening: Unusual Replies for Black.} Bc5 {[#] White should prevent ...Ng4.} 7. h3 $146 ({Predecessor:} 7. Qa4 O-O 8. Be2 a6 9. Qd1 b5 10. e5 Ng4 11. d4 Nxf2 12. Kxf2 Nxd4 13. Be3 {1-0 (13) Orvisky,V-Cimze,I Brno 1998}) 7... O-O 8. Be2 {White is slightly better.} Nd4 9. d3 a6 10. O-O (10. Be3 {feels hotter.} Qd7 11. Qd2 Rad8 12. Nxd4 Bxd4 13. O-O) 10... Ba7 11. Nxd4 Bxd4 12. Be3 c5 13. Qd2 Nd7 14. f4 f5 15. Bf3 g5 $2 {Black cannot hold the game after this.} (15... Nb6 $16 16. Ne2 fxe4) 16. exf5 $18 Bxf5 17. Bd5+ ({But not} 17. fxg5 Nb6 $18) 17... Kh8 18. fxg5 Ne5 19. Bxd4 ({Don't do} 19. Bxb7 Rb8) 19... cxd4 20. Qf4 {[%mdl 64] [#] Double Attack} ({Not} 20. Bxb7 dxc3 21. Qxc3 Qb6+ 22. Kh1 Rae8 $18) 20... Nc6 21. Bxc6 bxc6 22. Qe5+ Kg8 23. Rxf5 Re8 (23... Rxf5 $142 24. Qxf5 dxc3 25. bxc3 Qe7) 24. Qf6 {Strongly threatening Qf7+.} dxc3 25. Qf7+ Kh8 26. g6 {[%csl Gg6][%cal Rf7h7]} Qd4+ 27. Kh1 {[%csl Gg6][%cal Rf7h7]} hxg6 $2 (27... Qg7 28. bxc3 hxg6) 28. Qxg6 {[%cal Rf5h5]} Qg7 29. Qh5+ (29. Qxc6 $142 Rad8 30. Rh5+ Kg8 31. Qc4+ Qf7 32. Qg4+ Qg7 {[#]} 33. Rg5 $1 {[%mdl 512]}) 29... Qh7 30. bxc3 (30. Qg4 $142) 30... Re6 $2 (30... Qxh5 31. Rxh5+ Kg7) 31. Qxh7+ $2 {Accuracy: White = 60%, Black = 28%.} (31. Qg4) 1-0

[Event "Bicaz City Cup 2020"]
[Site "Bicaz"]
[Date "2020.03.07"]
[Round "5.9"]
[White "Anitei, Ion"]
[Black "Bargan, Sergiu"]
[Result "0-1"]
[WhiteElo "1831"]
[BlackElo "2258"]
[Annotator "TA"]
[PlyCount "56"]
[EventDate "2020.03.05"]
[EventType "swiss"]
[EventCountry "ROU"]
[SourceTitle "playchess.com"]
[Source "ChessBase"]
[SourceQuality "1"]

{[%evp 18,56,-2,-27,-34,-27,-27,-25,2,-58,-81,-60,-13,-66,-75,-73,-71,-82,-66,-70,-74,-80,-79,-106,-20,-141,-138,-137,-137,-158,-150,-183,-138,-170,-131,-186,-105,-80,-8,-29996,259]} 1. Nf3 Nf6 2. d4 c5 3. g3 g6 4. Bg2 Bg7 5. O-O cxd4 6. Nxd4 Nc6 7. c4 O-O 8. Nc3 Qa5 9. Nxc6 dxc6 10. Qc2 Bf5 {[#] A39: Symmetrical English vs ...g6: 4 Bg2 Bg7 5 Nf3 Nf6 6 0-0 0-0 7 d4.} 11. e4 $146 ({Predecessor:} 11. Qa4 Qxa4 12. Nxa4 Nd7 13. Bd2 Nb6 14. Nxb6 axb6 15. Bc3 Bxc3 16. bxc3 Ra4 17. e4 Bc8 18. Rfc1 Rxc4 {0-1 (38) Bashirinia,O (2005)-Bagaturov,G (2427) Jermuk 2014}) 11... Be6 12. Bd2 Qh5 {Black has an edge.} 13. Nd1 (13. b3 $1 $11) 13... Rfd8 $15 14. Ne3 Qe2 15. Rad1 ({Better is} 15. Rfd1 $1 $11) 15... Ng4 $1 $36 {[%cal Rg4e3][%mdl 2048] Keeping White busy.} 16. Nxg4 Bxg4 17. f3 Be6 18. b3 Bd4+ 19. Kh1 {[#]} Bf2 $1 20. Qc1 Rd7 (20... Rd3 $17 {White must now prevent ...Rad8.} 21. Bb4 Rad8 22. Rxd3 Rxd3) 21. Bc3 {[#]} (21. Bh6 $1 $11 {remains equal.}) 21... Rad8 $1 $17 {[%cal Rd7d1,Ba8d8,Bd8d7,Bd7d3,Bd3h3][%mdl 32]} 22. Rxd7 Rxd7 23. Qa1 f6 24. g4 h6 25. h3 Rd3 26. f4 (26. Qb2 $17 {keeps fighting.} Qxb2 27. Bxb2) 26... c5 ({Black should play} 26... Bc5 $19 {aiming for ...Rg3.} 27. f5 Rg3) 27. f5 gxf5 ({Black should try} 27... Bd7 $17 {Hoping for ...Bc6.} 28. Qb2 (28. fxg6 $2 Bc6 $19) 28... Qxb2 29. Bxb2 Rd2) 28. gxf5 $2 {[%mdl 8192] [#]} (28. Qb2 $11 Qxb2 29. Bxb2) 28... Rxh3+ $1 {[%mdl 33280] Accuracy: White = 44%, Black = 58%. . Loss on time!?} 0-1

[Event "Bicaz City Cup 2020"]
[Site "Bicaz"]
[Date "2020.03.07"]
[Round "5.10"]
[White "Stegariu, Alexandru"]
[Black "Sachilaru, Alexandru"]
[Result "1/2-1/2"]
[WhiteElo "2129"]
[BlackElo "1745"]
[Annotator "TA"]
[PlyCount "84"]
[EventDate "2020.03.05"]
[EventType "swiss"]
[EventCountry "ROU"]
[SourceTitle "playchess.com"]
[Source "ChessBase"]
[SourceQuality "1"]

{[%evp 16,84,47,24,62,56,52,58,84,30,34,29,80,1,18,14,26,-14,0,-19,38,35,48,41,37,0,52,65,64,49,62,38,56,-28,0,-3,38,-41,-51,-177,-191,-170,-206,-197,-160,-155,-183,-191,-21,-23,-24,-33,0,0,0,0,0,0,13,0,62,71,51,15,72,0,64,0,60,0,61]} 1. d4 Nf6 2. c4 g6 3. Nc3 Bg7 4. e4 d6 5. Nf3 O-O 6. Be2 Nbd7 7. O-O e5 8. Re1 h6 9. Bf1 Ne8 {E95: King's Indian: Classical: 7...Nbd7 8 Re1.} 10. Rb1 a5 11. a3 c6 {White is slightly better.} 12. b4 {[#]} (12. Be3 $16) 12... Nc7 $146 ({Predecessor:} 12... Qe7 13. d5 c5 14. Be3 b6 15. bxc5 bxc5 16. Qa4 Ra6 17. Rb5 Nc7 18. Rb2 f5 {1-0 (72) Rocha,S (2353)-Fidalgo,D (2089) Cruz Quebrada 2019}) 13. d5 {next dxc6 is good for White.} c5 (13... axb4 $11 {remains equal.} 14. axb4 cxd5) 14. Nb5 (14. bxc5 $16 Nxc5 15. Be3) 14... Nxb5 $11 15. cxb5 f5 16. bxa5 Rxa5 17. Nd2 Nf6 ({Black should play} 17... Nb6 $11) 18. Nc4 $14 Ra8 19. exf5 Bxf5 20. Bd3 (20. Rb2 {with more complications.} b6 21. a4 g5 22. a5 bxa5 23. b6) 20... Bxd3 (20... e4 $11 21. Be2 e3 $1 {[%mdl 512]} 22. Bxe3 Bxb1 23. Qxb1 Nxd5 24. Qxg6 {[%mdl 64] Double Attack} Rf6) 21. Qxd3 Kh7 22. f3 Nh5 23. Re4 Qe7 24. Qc2 (24. Bd2 $14) 24... Rad8 25. Re1 Qf7 26. Qd3 (26. Rd1 $14) 26... Nf6 $15 {[%cal Bh5f6,Bf6e4,Be4c3][%mdl 32]} 27. Rd1 {[#]} (27. Nb6 $15) 27... e4 $1 $19 {[%cal Re4d3][%mdl 512]} 28. fxe4 {[#]} Nxe4 $1 {[%mdl 512]} 29. Rf1 (29. Qxe4 Qf2+) 29... Qxf1+ 30. Qxf1 Rxf1+ 31. Kxf1 Nc3 $2 ({Better is} 31... Rf8+ $19 32. Ke1 Rf2) 32. Rb3 $11 Nxd5 {aiming for ...Nc3.} 33. Rd3 Bd4 34. Bb2 $1 Rf8+ 35. Ke1 $1 Nf4 36. Rd2 Bxb2 37. Nxb2 {[%mdl 4096] Endgame KRN-KRN} Re8+ (37... Rd8 $1 $11) 38. Kd1 $1 $14 {[%mdl 1024] White has compensation.} Rd8 39. Rf2 (39. g3 $5 {[%cal Rg3f4]} Nh5 40. Na4 $11) 39... Rf8 (39... g5 $11) 40. Rd2 Rd8 $1 41. Rf2 (41. g3 $5 {[%cal Rg3f4]} Nh3 42. Nc4 $11) 41... Rf8 42. Rd2 Rd8 $1 {Accuracy: White = 59%, Black = 64%.} 1/2-1/2

[Event "Bicaz City Cup 2020"]
[Site "Bicaz"]
[Date "2020.03.07"]
[Round "5.11"]
[White "Gulias, Alin-Constantin"]
[Black "Telea, Stefan"]
[Result "0-1"]
[WhiteElo "1756"]
[BlackElo "2006"]
[Annotator "TA"]
[PlyCount "122"]
[EventDate "2020.03.05"]
[EventType "swiss"]
[EventCountry "ROU"]
[SourceTitle "playchess.com"]
[Source "ChessBase"]
[SourceQuality "1"]

{[%evp 10,122,66,41,54,-40,-30,-19,-20,-23,0,0,0,0,9,-20,-16,-27,-27,-33,-33,-21,-18,-20,-19,-22,-13,-12,-12,-13,0,-25,-18,-65,-58,-56,-21,-35,-40,-40,-21,-21,-21,-23,-26,-33,0,-23,0,-27,-11,-23,-23,-25,-22,-126,-73,-100,-39,-44,-23,-60,-36,-34,-16,-48,-16,-389,-384,-554,-371,-368,-276,-302,-153,-185,-156,-132,-51,-90,-66,-2233,-1996,-1873,-1810,-1256,-1307,-1377,-1464,-1361,-1285,-1027,-950,-29979,-29980,-29980,-29981,-29981,-29982,-29982,-29981,-29981,-29982,-29981,-29982,-29982,-29983,-29988,-29989,-29989,-29990,-29990,-29991,-29991,-29992]} 1. e4 d5 2. exd5 Qxd5 3. Nf3 Nf6 4. d4 Bg4 5. Be2 Nc6 6. c3 O-O-O {B01: Scandinavian Defence.} 7. Nbd2 (7. O-O $14) 7... e5 $15 8. dxe5 Nxe5 {The position is equal.} 9. O-O {[#] Nxe5 is the strong threat.} Bd6 $146 ({Predecessor:} 9... Nxf3+ 10. Bxf3 Qh5 11. h3 Bxf3 12. Qxf3 Qg6 13. Nc4 Bd6 14. Nxd6+ Rxd6 15. Be3 Rhd8 {½-½ (54) Rouvier,F (1900)-Labarthe,A (2036) Pierrevert 2004}) 10. Nxe5 $1 Bxe2 11. Qxe2 {And now f4 would win.} Bxe5 12. Qf3 (12. Nf3 {is more complex.} Rhe8 13. Qc2 Qe4 14. Qb3 Bd6 15. Be3) 12... Rhe8 13. Qxd5 Nxd5 14. Nf3 Bf6 15. Bd2 Nb6 16. Rae1 Nc4 17. Bc1 $1 a5 {[%cal Ba7a5,Ba5a4][%mdl 32]} 18. Rxe8 Rxe8 19. Re1 Rd8 20. Kf1 a4 21. a3 b5 22. Ke2 Ne5 23. Nd4 Rd5 24. Nc2 Nd3 25. Rd1 Nxc1+ 26. Rxc1 $11 {[%mdl 4096] Endgame KRB-KRN} Re5+ 27. Kf1 Rd5 28. Ke2 Re5+ 29. Kf1 c5 30. Rd1 Kc7 31. g3 Kc6 32. f4 (32. Rd3 $11 {remains equal.}) 32... Rd5 $17 33. Re1 h5 (33... Rd2 $17 34. Re2 Rd1+ 35. Re1 Rd2) 34. Ke2 $15 g5 35. Ke3 gxf4+ 36. gxf4 Rd8 37. Rf1 Kd5 {Threatens to win with ...Kc4.} 38. Rf2 $2 {[%mdl 8192]} (38. Kd3 $1 $11 {and White is okay.}) 38... Kc4 $19 39. Rd2 (39. Rg2 $142 Kb3 40. Ne1 Re8+ 41. Kd2) 39... Rxd2 40. Kxd2 {KB-KN} Kb3 41. Kc1 Bh4 (41... Be7 $19 {Strongly threatening ...Bd6.} 42. Ne1 Bd6) 42. Ne3 $17 Bf2 43. Nf1 {[#]} h4 (43... Be1 $1 $17 44. Kb1 b4 45. cxb4 cxb4 46. axb4 Bxb4) 44. h3 Bg3 45. f5 $2 {[%mdl 8192]} (45. Nd2+ $15 Ka2 46. Kc2) 45... Bf4+ $19 46. Kb1 Kc4 47. Kc2 Kd5 48. b4 cxb4 49. cxb4 Ke5 50. Kd3 Kxf5 51. Ne3+ Bxe3 {Black mates.} 52. Kxe3 {KP-KP} Ke5 53. Kf3 f5 54. Ke3 f4+ 55. Kf3 Kf5 56. Kf2 Ke4 57. Ke2 f3+ 58. Kf2 Kf4 59. Kf1 Kg3 60. Kg1 Kxh3 61. Kf2 Kg4 {Accuracy: White = 56%, Black = 77%.} 0-1

[Event "Bicaz City Cup 2020"]
[Site "Bicaz"]
[Date "2020.03.07"]
[Round "5.12"]
[White "Morariu, Adrian"]
[Black "Pislariu, Stefanel-Vasilica"]
[Result "0-1"]
[WhiteElo "1747"]
[BlackElo "1954"]
[Annotator "TA"]
[PlyCount "63"]
[EventDate "2020.03.05"]
[EventType "swiss"]
[EventCountry "ROU"]
[SourceTitle "playchess.com"]
[Source "ChessBase"]
[SourceQuality "1"]

{[%evp 16,63,-20,-48,11,16,25,15,7,0,12,0,0,0,2,-24,-20,-137,-134,-173,-158,-168,-170,-176,-107,-120,-120,-119,-108,-139,-34,-180,-81,-87,-82,-293,-2,-201,-192,-693,-687,-579,-194,-334,-310,-341,-316,-221,-200,-2204]} 1. e4 d6 2. f4 c5 3. Nf3 Nc6 4. d4 cxd4 5. Nxd4 Nf6 6. Nc3 g6 7. Be3 Bg7 8. Qd2 O-O 9. O-O-O Bd7 {B34: Sicilian: Accelerated Dragon with 5 Nc3: sidelines.} (9... Ng4 $1 $15 10. Bg1 Nxd4 11. Bxd4 e5) 10. h3 Nxd4 11. Bxd4 Bc6 {The position is equal.} 12. Qe3 Qa5 {[#]} 13. Bc4 $146 ({Predecessor:} 13. Kb1 b5 14. e5 dxe5 15. fxe5 Nd5 16. Nxd5 Bxd5 17. b3 e6 18. h4 Rfc8 19. Rh3 {1-0 (42) Frey,M (1907)-Montero Melendez,R (2261) Caleta 2010}) 13... e6 14. Bb3 Rfd8 15. Qe2 b5 {[%cal Bb7b5,Bb5b4][%mdl 32]} 16. e5 (16. f5 $1 $11 {keeps the balance.} e5 17. Bf2) 16... Nh5 $36 {[%mdl 2048] Black is in control.} 17. Qg4 b4 {[%cal Rd6e5]} 18. Ne2 dxe5 19. fxe5 Bd5 (19... Bxe5 20. Kb1 $17) (19... Qc7 $19 20. Kb1 Rd7) 20. Kb1 Bxb3 21. axb3 Bxe5 22. Qg5 f6 (22... Rd5 $1 $17 {aiming for ...Bxd4.} 23. Bxe5 Rxe5 {[%mdl 64] Double Attack}) 23. Qh6 {[#]} ({White should play} 23. Qe3 $15) 23... Rd6 (23... Rxd4 $1 $19 {[%mdl 512] is more deadly.} 24. Rxd4 (24. Nxd4 $2 Bf4 $19) 24... Bxd4 25. Nxd4 Qd5) 24. g4 Ra6 {[%csl Ga6][%cal Ra5a1]} 25. Kc1 $2 (25. c4 $17 bxc3 26. Bxc3) 25... Ng7 $2 ({Less strong is} 25... Bxd4 26. Rxd4 Rd8 27. Rhd1 $17) (25... Rd8 $19 26. gxh5 Bxd4 27. Nxd4 Qa1+ 28. Kd2 Rxd4+ 29. Ke2 Qxb2 30. Rxd4 Qxd4) 26. Rhe1 $2 (26. Bxe5 $11 Rd8 27. c4 (27. Bd4 Rad6 $15) 27... Rxd1+ 28. Rxd1 Qxe5 29. Rd8+ Kf7 30. Qxh7 (30. Rd7+ Ke8 $11) 30... Ra1+ 31. Kd2 Qxb2+ {[%mdl 64] Double Attack} 32. Ke3 Qe5+ 33. Kf2 Qh2+ 34. Ke3 Qe5+ 35. Kf2 Qh2+ 36. Ke3 Qe5+) 26... Rd8 27. Rd3 $2 (27. c4) 27... Bxd4 $19 28. Nxd4 Qc7 $2 (28... e5 29. Ree3 Rc8) 29. Kb1 (29. Qe3 {is the only way for White.}) 29... e5 ({Don't do} 29... Qa5 30. Kc1 $19) 30. Nb5 {[#]} Qa5 $1 {[%csl Ga6][%cal Ra5a1]} 31. Rxd8+ Qxd8 32. g5 $2 {Accuracy: White = 25%, Black = 56%.} (32. Qe3) 0-1

[Event "Bicaz City Cup 2020"]
[Site "Bicaz"]
[Date "2020.03.07"]
[Round "5.13"]
[White "Prisacaru, Stefan-Emilian"]
[Black "Zanfir, Iulian"]
[Result "1-0"]
[WhiteElo "1953"]
[BlackElo "1718"]
[Annotator "TA"]
[PlyCount "75"]
[EventDate "2020.03.05"]
[EventType "swiss"]
[EventCountry "ROU"]
[SourceTitle "playchess.com"]
[Source "ChessBase"]
[SourceQuality "1"]

{[%evp 9,75,16,26,14,7,7,16,11,22,18,29,28,27,-13,0,-18,-17,-16,-16,-22,-18,-22,-8,-12,0,0,0,0,0,0,0,0,0,0,0,-4,0,0,23,23,23,21,22,7,86,87,216,218,240,234,350,350,316,296,555,542,1235,853,29984,29984,29987,29988,29988,29989,29989,29990,29990,29991]} 1. d4 d5 2. Bf4 Nf6 3. e3 c5 4. Nc3 a6 5. dxc5 Nc6 6. Nf3 {D00: 1 d4 d5: Unusual lines.} Bg4 7. Be2 e6 8. Na4 {The position is equal.} Nd7 9. O-O Nxc5 10. Nxc5 Bxc5 11. c3 O-O 12. Qc2 {[#]} Bf5 $146 ({Predecessor:} 12... Qe7 13. Rfe1 Bf5 14. Qd1 Bg6 15. Bg3 Rfd8 16. Bd3 b5 17. Bxg6 hxg6 18. Nd4 Rac8 {0-1 (53) Ivanov,A-Berezov,L Soviet Union 1963}) 13. Bd3 Bxd3 14. Qxd3 h6 15. Rfd1 Qe7 16. Ne5 Nxe5 17. Bxe5 Rfd8 18. Qe2 Bd6 19. Bxd6 Rxd6 20. Rd3 Rc6 21. Rad1 f5 22. f3 b5 23. e4 fxe4 24. fxe4 Qc5+ 25. Kh1 {[%cal Re4d5]} Rd6 26. exd5 Rf8 (26... exd5 $11 {remains equal.} 27. Rf3 Qc6) 27. dxe6 $16 Rxd3 {Now Black is done in.} (27... Qc4 $16) 28. Rxd3 {[%mdl 4096] Endgame KQR-KQR} ({But not} 28. Qxd3 $6 Qe5 $16) 28... Qe5 29. Re3 (29. Qxe5 $2 {gets mated.} Rf1#) 29... Rf1+ (29... Qf5 $142 30. g3 Qb1+ 31. Kg2 Qxa2) 30. Qxf1 $18 Qxe3 {KQ-KQ} 31. Qf7+ Kh8 $2 (31... Kh7 32. Qf5+ Kh8) 32. g3 {[#] Strongly threatening e7.} Qe1+ 33. Kg2 g5 34. e7 {White mates.} Qe2+ 35. Kh3 g4+ 36. Kh4 Qxh2+ 37. Kxg4 {[%cal Re7e8]} Qe2+ 38. Kh3 {Accuracy: White = 96%, Black = 61%.} 1-0

[Event "Bicaz City Cup 2020"]
[Site "Bicaz"]
[Date "2020.03.07"]
[Round "5.14"]
[White "Popa, Marian"]
[Black "Bejan, Sergiu"]
[Result "0-1"]
[WhiteElo "1716"]
[BlackElo "1915"]
[Annotator "TA"]
[PlyCount "82"]
[EventDate "2020.03.05"]
[EventType "swiss"]
[EventCountry "ROU"]
[SourceTitle "playchess.com"]
[Source "ChessBase"]
[SourceQuality "1"]

{[%evp 10,82,35,14,60,31,43,32,44,41,44,40,53,56,51,43,82,63,95,69,71,76,77,80,70,76,88,81,77,64,64,56,56,57,59,6,6,0,33,-12,-12,-12,-12,-12,-10,-13,-12,-75,-75,-75,-75,-71,-42,-70,-58,-71,-72,-136,-30,-26,-11,-108,-108,-218,-212,-211,-211,-265,-12,-214,-108,-289,-280,-385,-384]} 1. d4 d5 2. c4 c6 3. Nc3 Nf6 4. e3 a6 5. Nf3 e6 6. Qc2 Bb4 {D45: Semi-Slav: 5 e3.} 7. Bd2 (7. Bd3 {is more complex.} Nbd7 8. O-O O-O 9. a3 Bd6 10. c5) 7... O-O 8. a3 Bxc3 {White is slightly better.} 9. Bxc3 {[#]} Nbd7 $146 ({Predecessor:} 9... dxc4 10. Bxc4 b5 11. Be2 Bb7 12. O-O Nd5 13. Rfc1 Nd7 14. Bd2 Qf6 15. b4 e5 16. dxe5 Nxe5 17. Nxe5 Qxe5 {1-0 (43) Golovnin,M (1978)-Suleimanov,K (1680) Kirov 2017}) 10. Bd3 h6 11. O-O b6 12. b4 Bb7 13. c5 Re8 14. Ne5 Nxe5 15. dxe5 Nd7 16. cxb6 Qxb6 17. Bd4 Qc7 18. f4 a5 19. Rfc1 Rec8 20. Rab1 axb4 21. axb4 Qd8 22. Qb3 (22. g3 $14) 22... Ba6 $11 23. Ra1 Bb5 24. Qc2 (24. Rxa8 {is interesting.} Rxa8 25. Bxb5 cxb5 26. Rc6 Nf8 27. Qd3) 24... Rxa1 25. Rxa1 Bxd3 26. Qxd3 c5 27. bxc5 Nxc5 28. Qa3 (28. Bxc5 $11 Rxc5 29. h3) 28... Ne4 $17 29. Rc1 Ra8 30. Qb2 Qh4 31. g3 Qh5 32. Kg2 Kh7 33. h3 {[#]} ({White should try} 33. Re1) 33... Qg6 (33... Rb8 $1 $17 {[%mdl 512]} 34. Qa2 (34. Qxb8 {is a self mate.} Qe2+ 35. Kh1 Qf3+ {[%mdl 64] Double Attack} 36. Kh2 Qf2+ 37. Kh1 Nxg3#) 34... g5) 34. g4 $11 h5 $36 {[%mdl 2048] Black has some pressure.} 35. g5 (35. Qe2 $11) 35... h4 $17 36. Qe2 (36. Qc2 $17 {might work better.}) 36... Ng3 $1 $19 {[%cal Rg3e2]} 37. Qc2 {[#]} Nf5 $1 38. Kf2 Qh5 $2 (38... Nxd4 $19 39. exd4 Qxc2+ 40. Rxc2 Ra3) 39. Qb2 $2 (39. Rb1 $11 {and White is okay.}) 39... Ng3 ({Black should play} 39... Nxd4 $19 40. exd4 Qg6) 40. Qc2+ $2 (40. Kg2 $17) 40... Ne4+ 41. Kg2 {[#]} Rc8 $3 {[%mdl 512] Accuracy: White = 36%, Black = 66%.} 0-1

[Event "Bicaz City Cup 2020"]
[Site "Bicaz"]
[Date "2020.03.07"]
[Round "5.15"]
[White "Lupascu, Diana-Elena"]
[Black "Panc, Samuel"]
[Result "0-1"]
[WhiteElo "1689"]
[BlackElo "1910"]
[Annotator "TA"]
[PlyCount "106"]
[EventDate "2020.03.05"]
[EventType "swiss"]
[EventCountry "ROU"]
[SourceTitle "playchess.com"]
[Source "ChessBase"]
[SourceQuality "1"]

{[%evp 15,106,25,16,1,4,2,8,5,22,19,15,20,43,22,36,42,56,38,62,25,47,2,4,-19,-15,-35,-5,-8,26,35,33,27,25,-5,-8,0,0,0,0,0,0,0,0,0,0,0,0,0,13,8,7,-28,-36,-34,-36,-36,-31,-50,-42,-66,-66,-66,-65,-66,-66,-96,-96,-103,-103,-102,-97,-97,-92,-93,-90,-96,-96,-102,-96,-231,-77,-155,0,-203,-89,-100,-60,-208,-202,-404,-282,-1133,-880]} 1. d4 f5 2. c4 Nf6 3. g3 e6 4. Bg2 d5 5. Qc2 c6 6. Nh3 Bd6 7. O-O O-O 8. Bf4 Be7 9. Bxb8 {A90: Dutch Defence: Miscellaneous and Modern Stonewall (with ...Bd6).} Rxb8 10. Nf4 Bd6 11. Nd3 {The position is equal.} Bd7 12. Nd2 {[%cal Bb1d2,Bd2f3,Bf3e5][%mdl 32]} Be8 13. Nf3 Rc8 {[#]} 14. Rac1 $146 ({Predecessor:} 14. b4 Bh5 15. Nfe5 Qe7 16. Rab1 b5 17. c5 Bxe5 18. dxe5 Ng4 19. a4 a6 20. Ra1 g5 21. h3 {½-½ (21) Savchenko,S (2560)-Medvegy,Z (2498) Cairo 2003}) 14... Bh5 15. Nfe5 Bf7 16. Qb3 Qe7 17. Rc2 Kh8 18. cxd5 exd5 19. Nc5 Rc7 20. Qe3 Re8 {[%cal Rd6e5]} 21. Ncd3 c5 22. Qf4 Kg8 {aiming for ...cxd4.} 23. Qxf5 c4 24. Nf4 (24. Nxf7 {feels hotter.} cxd3 25. Nxd6 dxc2 26. Nxe8 c1=Q 27. Nxf6+ Qxf6 28. Qxd5+ Kf8 29. Rxc1 Rxc1+ 30. Bf1) 24... Bxe5 25. dxe5 Qxe5 26. Qxe5 Rxe5 27. e3 b5 28. a3 Rd7 29. Ne2 Bg6 30. Rd2 Bd3 31. Re1 Ne4 32. Rdd1 $1 Nc5 $36 {[%mdl 2048] Black has good play.} 33. Nf4 {b4 is the strong threat.} g5 34. Nxd3 Nxd3 35. Re2 d4 36. Bf1 dxe3 37. Rxe3 Rxe3 38. fxe3 Ne5 39. Rxd7 Nxd7 $15 {[%mdl 4096] Endgame KB-KN} 40. Bg2 Ne5 41. Be4 h6 42. h3 Kf7 43. Kf2 Ke6 44. Ke2 a5 45. Kd1 Kd6 46. Kc2 b4 47. Kd2 {[#]} (47. Bh7 $17) 47... Kc5 $2 (47... c3+ $1 $19 {[%mdl 512]} 48. Kc2 (48. bxc3 Nc4+) 48... cxb2 49. axb4 axb4) 48. Kc2 (48. axb4+ $142 axb4 49. Bf5) 48... Kd6 49. Kd2 $1 {[#]} Nd7 (49... c3+ $1 $19 {[%mdl 512] and Black stays clearly on top.} 50. Kc2 (50. bxc3 Nc4+) 50... Nc4 51. axb4 axb4 52. bxc3 b3+ 53. Kd3 Kc5) 50. Bh7 Nc5 51. Bg8 (51. Kd1 $15) 51... Ne4+ $19 52. Ke2 $2 (52. Kc2 {was forced.} Kc5 53. g4) 52... Kc5 53. Kf3 $2 (53. axb4+ Kxb4 54. Bd5 Nxg3+ 55. Kd2) 53... c3 {Accuracy: White = 62%, Black = 75%.} 0-1